German Words for Colors - Statistics

General Stats
  • This quiz has been taken 107 times
  • The average score is 10 of 14
Answer Stats
English Answer % Correct
Red Rot
93%
Blue Blau
89%
Orange Orange
87%
Brown Braun
82%
Green Grün
80%
White Weiß/Weiss
80%
Yellow Gelb
75%
Black Schwarz
74%
Gold Gold
70%
Pink Rosa
70%
Gray ("Grey") Grau
66%
Silver Silber
57%
Purple Lila
52%
Clear Klar
39%
No matching quizzes found
Score Distribution
Percent of People with Each Score
Percentile by Number Answered
Your Score History
You have not taken this quiz